The Hobbit- All Characters (Book) - Statistics

General Stats
  • This quiz has been taken 113 times
    106 since last reset
  • The average score is 24 of 41
Answer Stats
Answer % Correct
Bilbo Baggins
99%
Gandalf
95%
Bombur
91%
Fili
91%
Kili
91%
Thorin II
91%
Bifur
89%
Bofur
89%
Gloin
89%
Nori
86%
Oin
86%
Balin
85%
Dwalin
85%
Dori
84%
Ori
83%
Radagast
83%
Elrond
75%
Bard
74%
Elvenking
72%
Necromancer
64%
Thrain II
64%
Dain II
59%
Beorn
52%
Bolg
52%
Smaug
49%
Great Goblin
48%
Master of Laketown
37%
Belladonna Took
35%
Gollum
35%
Tom
28%
Roac
27%
Bungo Baggins
25%
Gerontius Took
25%
Bandobras Took
23%
Bert
22%
William
22%
Lord of the Eagles
20%
Carc
19%
Galion
10%
Golfimbul
2%
Bladorthin*
1%
No matching quizzes found
Score Distribution
Percent of People with Each Score
Percentile by Number Answered
Your Score History
You have not taken this quiz since the last reset